000 01289nam a2200277 a 4500
003 BLK
005 20250724174558.0
008 211022b bu |||||r|||| 00| | bu d
020 _a9786191953998
020 _a9786191954001
_q(твърди корици)
040 _aBLK
041 _aBUL
_cBUL
080 _aБългарска литература
_b821.163.2
_x-31
_z821.163.2-31
084 _aЛ 17
100 _9416860
_aЛалева, Мария Жорова
245 _aПътища от огън
_bроман
_cМария Лалева.
260 _9214104
_aСофия
_bКнигомания
_c2024
_n978-619-195- ; 978-954-8432- ; 978-954-9817- ; 954-90578-
_f[Костинброд] : Мултипринт ООД
300 _a539 с.
_c21 см
380 _aX
500 _aБиогр. данни за авт. отбелязани на 2-ра кор. - Автограф с текст : На читателите на РБ "Любен Каравелов" - Русе с обич, надежда и благодарност! Подпис 21.11.24 Русе
852 _bП
_c821.163.2-31/Л 17 М
942 _cKNG
_n0
_s1
_0172
944 _cНора Радева
_k30531
_lЦветелина Шанова
999 _c519520
_d519520
999 _d519520